000 00676nam a2200253Ia 4500
008 160319s9999 xx 000 0 und d
020 _a9715843581
050 _aFIL QH 317
050 _b.C37 2004 c.2
100 _aCapili, Nieves L.
245 _aModern biology :
245 _blaboratory manual /
245 _cNieves L. Capili.
250 _aRevised Edition
260 _aQuezon City:
260 _bC & E Pub. Inc.,
260 _c2004
300 _a121 pages :
300 _billustrations ;
300 _c26 cm.
500 _aIncludes bibliographical references.
650 _aBiology -- Laboratory manuals.
650 _xBiology -- Study and teaching.
999 _c291898
_d291898